|
|
|
|
| LEADER |
00000cab a2200000 a 4500 |
| 001 |
042709 |
| 003 |
UAHC_CL |
| 005 |
20170803124727.0 |
| 008 |
080125s2006 cl 000 spa |
| 040 |
|
|
|a UAHC_CL
|c UAHC_CL
|d UAHC_CL
|
| 100 |
1 |
|
|a Hansen Rojas, Gunhild
|
| 245 |
1 |
0 |
|a Gestión de conocimientos en el marco de la educación para el desarrollo sostenible :
|b Aporte para la formación docente /
|c Gunhild Hansen-Rojas, Alejandro Villalobos Clavería.
|
| 260 |
|
|
|a Concepción
|b Universidad de Concepción
|c 2007
|
| 300 |
|
|
|a pp. 85-105
|
| 490 |
0 |
|
|a Sociedad hoy. Revista de ciencias sociales
|v 2
|
| 500 |
|
|
|a En: Sociedad Hoy, n¼12, 2007. pp. 85-105. ISSN 07173512.
|
| 500 |
|
|
|a En: Sociedad Hoy, nº12, 2007. pp. 85-105. ISSN 07173512.
|
| 520 |
|
|
|a El presente artículo trata, en lo esencial, de la construcción de un modelo de gestión del conocimiento, apto para aplicar en la formación de docentes en temas ambientales. Se pretende superar a los modelos tradicionales, monodisciplinarios y externalizados de formación y perfeccionamiento y su reemplazo por una estrategia holística, interdisciplinaria, contextualizada, crítica y autoreflexiva de gestión moderna y pedagógicamente innovadora del conocimiento, para mejorar la calidad de los procesos de enseñanza y aprendizaje en el aula. La base del presente artículo se encuentra en los resultados de un proyecto de investigación realizado e Argentina.
|
| 520 |
|
|
|a El presente artículo trata, en lo esencial, de la construcción de un modelo de gestión del conocimiento, apto para aplicar en la formación de docentes en temas ambientales. Se pretende superar a los modelos tradicionales, monodisciplinarios y externalizados de formación y perfeccionamiento y su reemplazo por una estrategia holística, interdisciplinaria, contextualizada, crítica y autoreflexiva de gestión moderna y pedagógicamente innovadora del conocimiento, para mejorar la calidad de los procesos de enseñanza y aprendizaje en el aula. La base del presente artículo se encuentra en los resultados de un proyecto de investigación realizado e Argentina.
|
| 700 |
1 |
|
|a Villalobos Clavería, Alejandro
|
| 700 |
1 |
|
|a Villalobos Clavería, Alejandro
|
| 759 |
|
|
|a PP168
|
| 773 |
0 |
|
|t Sociología : perspectivas y debates
|w 042854
|
| 900 |
|
|
|a SOC. HOY-12/07
|
| 942 |
|
|
|c REVA
|
| 952 |
|
|
|0 0
|1 0
|4 0
|6 SOC___HOY12_07_000000000000000
|7 0
|8 General
|9 79820
|a BC
|b BC
|c General
|d 2017-08-03
|l 0
|o SOC. HOY-12/07
|p FICTICIO7725
|r 2019-01-08 00:00:00
|t 1
|w 2017-08-03
|y REVA
|
| 999 |
|
|
|c 42709
|d 42709
|